000 01728cam a22002054a 4500
005 20250605164058.0
008 250528s ||||||||||||||||||||||||d
035 _a17521
020 _a9603015296
040 _aGR-AtMCL
_bgre
_dGR-AtMCL
_eAACR2
245 1 _aΔίκαιο των Ευρωπαϊκών Κοινότητων και της Ευρωπαϊκής Ένωσης
260 _bΣάκκουλα,
_c2000
300 _a338
520 _aΠρόλογος, Κυριότερες Συντομογραφίες, Εισαγωγική Προσέγγιση της Ευρωπαϊκής Ολοκλήρωσης και του Δικαίου και των Θεσμών της, Θεμελιώδη Χαρακτηριστικά του Κοινοτικού και Ενωσιακού Θεσμικού Συστήματος, Τα Θεσμικά Όργανα των Ευρωπαϊκών Κοινότητων και της Ευρωπαϊκής Ένωσης, Οι Πηγές του Κοινοτικού Δικαίου και του Δικαίου της Ένωσης, Σχέσεις Εθνικού και Κοινοτικού Δικαίου - Τα Χαρακτηριστικά του Κοινοτικού Δικαίου, Η Έννομη Προστασία στην Ευρωπαϊκή Κοινότητα και την Ευρωπαϊκή Ένωση, Ενδεικτική Βιβλιογραφία, Νομολογία του Δικαστηρίου και του Πρωτοδικείου των Ευρωπαϊκών Κοινότητων, Αναλυτικός Πίνακας Περιεχομένων.
700 1 _aΣαχπεκίδου Ε. Ρ
_93665
700 1 _aΣτάγκος Π. Ν
_93666
942 _cBK
999 _c2929
_d2929